Formel 1 Podium 1960 - Statistiken

Allgemein
  • Dieses Quiz wurde 40 mal gespielt
  • Das Durchschnittsergebnis liegt bei 8 aus 16
Antwortstatistiken
Antwort % Korrekt
Graham Hill
100%
Phil Hill
100%
Jack Brabham
91%
Stirling Moss
82%
Trintignant / Moss
82%
Bruce Mclaren
77%
Jim Clark
73%
John Surtees
50%
Richie Ginther
50%
Jim Rathmann
27%
Rodger Ward
18%
Innes Ireland
14%
Olivier Gendebien
9%
Cliff Allison
5%
Paul Goldsmith
5%
Willy Mairesse
5%
Keine übereinstimmenden Quizze gefunden
Verteilung der Resultate
Anzahl Personen mit jedem Resultat
Perzentil nach korrekt beantworteten Fragen
Ihre Resultats-Entwicklung
Sie haben dieses Quiz noch nicht gespielt